000 00879nam a22002417a 4500
999 _c15715
_d15715
003 MIRAKIL
005 20240321131137.0
008 240321b tu ||||| |||| 00| 0 tur d
020 _a9751619017 (1. cilt)
040 _aTR-AnCHP
_cTR-AnCHP
041 _atur
082 _a410.6
_bU48 2007
111 _aUluslararası Türk Dili Kurultayı
_cAnkara
_d2000
245 1 0 _aIV. Uluslararası Türk Dili Kurultayı, 2000, Ankara.
260 _aAnkara :
_bTürk Dil Kurumu,
_c2007.
300 _a1. c., xxiv, 1013 s. :
_bşkl., tbl. ;
_c24 cm.
490 0 _aAtatürk Kültür, Dil ve Tarih Yüksek Kurumu Türk Dil Kurumu yayınları ;
_v856/I
500 _aBibliyografya bölüm sonlarındadır.
500 _a1. cilt.
650 0 _97716
_aTürk dili
_xKongreler
856 _zDijital Nüshası için Partimizin Kütüphane Sorumlusu ile iletişime geçiniz.
942 _2ddc
_cBKS